000 00472nam a2200145Ia 4500
008 220204s9999 xx 000 0 und d
082 _a578(06)
_bBUR
100 _aBURKE, D C
245 0 _aControl processes in virus multiplication
260 _aCambridge
_bCambridge University
_c1975
505 _aTwenty fifth symposium of the society for general microbiology held at Imperial collge, London
650 _aVirus multiplication
700 _aRUSSEL, W C
942 _cBK
999 _c28740
_d28740